01278cam a22003854i 4500003000900000005001700009008004100026020001500067035002700082040003300109082002600142100003900168245007200207264007700279300003900356336002100395337002500416338002300441490005300464504002800517505016400545526001000709526001000719526001000729526001000739526000800749526000800757526000800765526000800773526000800781526000800789526000800797630004400805630004300849PE-LiUPU20250731173537.0150616s1996 miu rb 000 0 eng d a0802824412 a(Sirsi) i9780802824417 aPE-LiUPUbspacPE-LiUPUerda04a225.07bNIGTC19962211 aDunn, James D. G.,d1939-,eautor.14aThe Epistles to the Colossians and to Philemon /cJames D. G. Dunn. 1aGrand Rapids, Michigan :bWilliam B. Eerdmans Publishing Company,c1996. a388 páginas ;c21 centímetros. atext2rdacontent aunmediated2rdamedia avolume2rdacarrier0 aThe New International Greek Testament Commentary aIncluye Bibliografía.0 aThe epistle to the colossians -- The significance of the letter -- The structure of colossians -- The epistle to philemon -- The author -- The recipient., etc. aSEG42 aSEG41 aSEG40 aSEG39 aP94 aP87 aP86 aP85 aP77 aP76 aP35 aBiblia.pN.T.pColosensesxComentarios. aBiblia.pN.T.pFilemónxComentarios.